MORPHOMETRY OF DRY HUMAN SCAPULA IN MEDICAL COLLAGE OF GURUGRAM (HARYANA) (Record no. 26645)

MARC details
000 -LEADER
fixed length control field 00352nam a22001457a 4500
003 - CONTROL NUMBER IDENTIFIER
control field SGT
082 ## - DEWEY DECIMAL CLASSIFICATION NUMBER
Classification number 611
Item number M19A
100 ## - MAIN ENTRY--PERSONAL NAME
Personal name ARORA, DIKSHA
245 ## - TITLE STATEMENT
Title MORPHOMETRY OF DRY HUMAN SCAPULA IN MEDICAL COLLAGE OF GURUGRAM (HARYANA)
260 ## - PUBLICATION, DISTRIBUTION, ETC. (IMPRINT)
Place of publication, distribution, etc GURUGRAM
Name of publisher, distributor, etc SGT UNIVERSITY
Year of Publication 2019
300 ## - PAGE DESCRIPTION
No. of Pages 66
650 ## - SUBJECT ADDED ENTRY--TOPICAL TERM
Topical term or geographic name as entry element ANATOMY
653 ## - KEYWORDS--INDEX TERM
Keyword term M.Sc
942 ## - ADDED ENTRY ELEMENTS (KOHA)
Source of classification or shelving scheme Dewey Decimal Classification
Koha item type Thesis/Dissertation
Holdings
Withdrawn status Lost status Source of classification or shelving scheme Damaged status Use restrictions Not for loan Collection code Home library Current library Shelving location Date acquired Total Checkouts Full call number Accession No. (Barcode) Date last seen Bill Date Koha item type
    Dewey Decimal Classification   Restricted Access Not For Loan MEDICAL SGT Medical Library SGT Medical Library Reference Book 27/06/2024   611 M19A DT1992 27/06/2024 27/06/2024 Thesis/Dissertation
    Dewey Decimal Classification   Restricted Access Not For Loan MEDICAL SGT Medical Library SGT Medical Library Reference Book 27/06/2024   611 M19A DT1993 27/06/2024 27/06/2024 Thesis/Dissertation
    Dewey Decimal Classification   Restricted Access Not For Loan MEDICAL SGT Medical Library SGT Medical Library Reference Book 27/06/2024   611 M19A DT1994 27/06/2024 27/06/2024 Thesis/Dissertation